000 00638cam a22002293a 4500
001 38597
003 PGUSA
005 20140828083842.0
008 120117s2012||||xxu|||||s|||||000 | eng d
040 _aPGUSA
_beng
042 _adc
100 1 _aFriedrich, W.,
_d-1879
245 1 0 _aMartha ;
_bor, The Fair at Richmond
_h[electronic resource] /
_cW. Friedrich
260 _bProject Gutenberg,
_c2012
506 _aPublic domain in the USA.
516 _aElectronic text
700 1 _aCarle, Glen
700 1 _aBaum, M. Louise
830 0 _aProject Gutenberg
_v38597
856 4 0 _uhttp://www.gutenberg.org/ebooks/38597
942 _cEB
999 _c267851
_d267851